| 000 | 00811cai a22001935a 4500 | ||
|---|---|---|---|
| 001 | L158101 | ||
| 008 | 140605u xxk g 000 0 eng d | ||
| 035 | _a(Sirsi) u158101 | ||
| 041 | 0 | _aeng | |
| 110 | 2 |
_aJones Lang LaSalle _93755 |
|
| 245 | 0 | 0 |
_aCities Research Center _h[electronic resource] |
| 260 |
_a[S.l.] _bJLL |
||
| 520 | _aA research gateway giving access to a range of information sources on cities around the world. The City Comparison Toolkit provides visual access to data for 300 cities worldwide and allows comparison with each other. Provides access to JLL's latest research on cities and its Cities Blog. | ||
| 590 | _aKA | ||
| 651 | 4 | _aINTERNATIONAL | |
| 690 |
_aCommercial property _96227 |
||
| 856 | 4 | 0 |
_uhttps://www.jll.com/cities-research/ _z View the website at www.jll.com |
| 942 | _n0 | ||
| 999 |
_c121013 _d121013 |
||